| 000 | 00403nam a2200157Ia 4500 | ||
|---|---|---|---|
| 008 | 210210b2002 xxu||||| |||| 00| 0 eng d | ||
| 020 | _a81 7033 413 6 | ||
| 082 | _a310/156 UGC | ||
| 100 | _aAHUJA (Ram). | ||
| 245 | _aSocial problems in India. Rev Ed 2. | ||
| 250 | _a | ||
| 260 |
_aJaipur _bRawat Publications., _c2002 |
||
| 300 | _axii,508 | ||
| 690 | _aIndian Social Problems | ||
| 906 | _aSG04551 | ||
| 999 |
_c115295 _d115295 |
||